000 00450nam a2200205Ia 4500
001 11964
003 GE_BSU
008 181216s||||||||xx |||||||||||||| ||und||
020 _a0340590289
040 _cGE_BSU
080 _a821.111-32
100 _aMoody,Susan
245 _aHous of moons.
260 _aLondon
260 _bCoronet books hodder&stoughton
260 _c1993.
300 _a600p'18cm.
653 _aHous of moons.
942 _cBK
999 _c45141
_d45141